Compraventa y transmisión de la propiedad en el derecho romano y en la dogmática moderna

Salvato in:
Dettagli Bibliografici
Autore principale: Kaser, Max (Autore)
Natura: Libro
Lingua:spagnolo
Pubblicazione: Valladolid Universidad de Valladolid 1962
Soggetti:
Tags: Aggiungi Tag
Nessun Tag, puoi essere il primo ad aggiungerne!!

MARC

LEADER 00000nam a2200000 a 4500
001 UCR1039
003 CL-VaPUC
008 971205e19620000SP |||||||||||||||||spa|d
082 0 4 |a 340.54  |b KAS  |2 21 
100 |a Kaser, Max  |e author  |9 402493 
245 1 0 |a Compraventa y transmisión de la propiedad en el derecho romano y en la dogmática moderna 
300 |a 43 p 
942 |c BK 
945 |d 19971205 00:00:00  |a aolguin 
260 |a Valladolid  |b Universidad de Valladolid  |c 1962 
650 0 |a Derecho romano  |9 255930 
650 0 |a Derecho de propiedad  |9 256450 
650 0 |a Propiedad   |9 255268 
650 0 |a Compraventa  |9 255413 
650 0 |a Transferencia de la propiedad  |9 397721 
650 0 |a Negocio jurídico  |9 258242 
583 |a last modification  |c 19971205 00:00:00  |k Rodrigo Vera 
999 |c 264534  |d 264532 
952 |0 0  |1 0  |2 ddc  |4 0  |6 340_540000000000000_KAS_1962  |7 0  |8 DER_ROM  |9 294818  |a BIBDER  |b BIBDER  |d 2019-11-19  |i 1909088  |o 340.54 KAS 1962  |p 1909088  |r 2023-01-25  |w 2019-11-19  |x Ubicación 4to piso  |y MX  |z Este recurso debe solicitarse con anticipación  |k DER